| 000 | 00526nam a2200205 a 4500 | ||
|---|---|---|---|
| 001 | 12775 | ||
| 005 | 20180713201056.0 | ||
| 008 | 140415s1994 sp 000 0 spa d | ||
| 020 | _a9688872563 | ||
| 041 | _aspa | ||
| 082 |
_a686.22 _bGOR |
||
| 100 | 1 | _aGORDON, MAGGIE | |
| 245 | 1 | 0 | _aTIPOGRAFIA DECORATIVA |
| 250 | _a1a ed. | ||
| 260 |
_aESPAÑA : _bG. GILI, _c1994 |
||
| 300 | _a143 | ||
| 490 | _aMANUALES DE DISEÑO | ||
| 650 | 1 | 4 |
_aDECORACION DE LIBROS _xIMPRENTA |
| 700 | 1 |
_aDODD, EUGENIE _ecoaut. |
|
| 999 |
_c12775 _d12775 |
||